Foreign Direct Investment, Industrialization and Social Change

Gespeichert in:
Bibliographische Detailangaben
1. Verfasser: Kobrin, Stephen Jay
Format: Buch
Sprache:Englisch
Veröffentlicht: Greenwich JAI Press 1977
Ausgabe:1. ed.
Tags: Tag hinzufügen
Keine Tags, Fügen Sie das erste Tag hinzu!

MARC

LEADER 00000nam a2200000 4500
001 c025992
005 20221220103513.6
041 0 |a eng 
044 |a GB 
245 1 0 |a Foreign Direct Investment, Industrialization and Social Change  |c Stephen Jay Kobrin 
250 |a 1. ed. 
264 1 |a Greenwich  |b JAI Press  |c 1977 
300 |a 188 s. 
100 1 |a Kobrin, Stephen Jay